000 00767nam a2200265 a 4500
001 01979
003 DO-SdBNP
005 20240730112301.0
007 01979
008 100706s1996 ch 000 f spa d
040 _aBPMSU
_bspa
_cBPMSU
082 4 _a863.3
_bL431T 1996
_222
092 _a863.3
_bL431t
240 _aLa vida de Lazarillo de Tormes y de sus fortunas y adversidades
245 1 3 _aEl lazarillo de Tormes /
_cAnónimo
260 _aChile :
_bTexido LTDA,
_c1996
300 _a79 p. ;
_c 20 cm.
490 0 _aClásicos texido
_v
590 _aInventariado, 2024/VM
650 4 _aNovela española
650 4 _aNovela picaresca española
650 4 _aLiteratura española
910 _aVMateo V. Control de calidad. BPMSU
942 _2ddc
_cBK
999 _c11075
_d11075